Govt. of
Madhya Pradesh

CHAKRAS,your 7 Energy Centers (Record no. 67682)

MARC details
000 -LEADER
fixed length control field 00273nam a22001097a 4500
082 ## - DEWEY DECIMAL CLASSIFICATION NUMBER
Classification number 150/PRO
100 ## - MAIN ENTRY--AUTHOR NAME
Personal name Prophet, Elizabeth Clare
245 ## - TITLE STATEMENT
Title CHAKRAS,your 7 Energy Centers
260 ## - PUBLICATION, DISTRIBUTION, ETC. (IMPRINT)
Place of publication Mumbai
Name of publisher Jaico Publishing House
Year of publication 2016
650 ## - SUBJECT ADDED ENTRY--TOPICAL TERM
Topical Term Psychology
942 ## - ADDED ENTRY ELEMENTS (KOHA)
Koha item type Books
Holdings
Withdrawn status Lost status Damaged status Not for loan Home library Current library Date acquired Cost, normal purchase price Full call number Accession Number Price effective from Koha item type
        MACL MACL 24/10/2024 399.00 150/PRO DPI003013 24/10/2024 Books